00514nam a22001457a 4500003000400000020001500004082001900019100002800038245007000066260007400136300000800210942001200218952012100230999001700351SGT a8170070015 a301.2954bP80J aझा, डी. एन. aप्राचीन भारत: एक रुपरेखा  bपीपुल्स पब्लिशिंग हाउस c1980 a147 2ddccBK 00102ddc4071aCLbCLcREFd2025-01-25g44.00iSGTUl0o301.2954 P80JpCH2001r2025-01-25 00:00:00w2025-01-25yBK c29346d29346